70 năm Đảng Cộng sản Việt Nam = 70 years of the Communist party of Viet Nam

Gespeichert in:
Bibliographische Detailangaben
1. Verfasser: THÔNG TẤN XÃ VIỆT NAM
Format: Buch
Sprache:Undetermined
Veröffentlicht: Hà Nội Thông Tấn 2001
Schlagworte:
Tags: Tag hinzufügen
Keine Tags, Fügen Sie den ersten Tag hinzu!
Thư viện lưu trữ: Trung tâm Học liệu Trường Đại học Cần Thơ
LEADER 00583nam a2200181Ia 4500
001 CTU_47010
008 210402s9999 xx 000 0 und d
082 |a 324.2597075 
082 |b Th455 
100 |a THÔNG TẤN XÃ VIỆT NAM 
245 0 |a 70 năm Đảng Cộng sản Việt Nam 
245 0 |b = 70 years of the Communist party of Viet Nam 
245 0 |c THÔNG TẤN XÃ VIỆT NAM 
260 |a Hà Nội 
260 |b Thông Tấn 
260 |c 2001 
650 |a communist parties - vietnam 
980 |a Trung tâm Học liệu Trường Đại học Cần Thơ